[Event "FRA-ch Universities 2019"]
[Site "Paris"]
[Date "2019.02.03"]
[Round "8"]
[White "Toure, Vasanth"]
[Black "Guillemart, Serge"]
[Result "1-0"]
[WhiteElo "2064"]
[BlackElo "2023"]
[Annotator "NA"]
[PlyCount "155"]
[EventDate "2019.02.01"]
[EventType "swiss"]
[EventCountry "FRA"]
[SourceTitle "playchess.com"]
[Source "ChessBase"]
[SourceQuality "1"]
[TimeControl "900+5"]

1. e4 {[%emt 0:00:00]} c5 {[%emt 0:00:00]} 2. Nf3 {[%emt 0:00:07]} g6 {[%emt 0:00:01]} 3. d4 {[%emt 0:00:27]} Bg7 {[%emt 0:00:03]} 4. Nc3 {[%emt 0:00:37]} cxd4 {[%emt 0:00:03]} 5. Nxd4 {[%emt 0:00:02]} Nc6 {[%emt 0:00:02]} 6. Be3 {[%emt 0:00:10]} Nf6 {[%emt 0:00:02]} 7. Bc4 {[%emt 0:00:05]} O-O {[%emt 0:00:04]} 8. Bb3 {[%emt 0:00:52]} Ng4 {[%emt 0:00:02]} 9. Qxg4 {[%emt 0:01:10]} Nxd4 {[%emt 0:00:03]} 10. Qd1 {[%emt 0:01:15]} Nxb3 {[%emt 0:00:02]} 11. axb3 {[%emt 0:00:01]} b6 {[%emt 0:00:01]} 12. Qd5 {[%emt 0:02:22]} Qc7 {[%emt 0:00:02]} 13. O-O {[%emt 0:01:33]} Bb7 {[%emt 0:00:02]} 14. Qd3 {[%emt 0:01:56]} a6 {[%emt 0:00:17]} 15. Rad1 {[%emt 0:00:28]} d6 {[%emt 0:00:04]} 16. Na4 {[%emt 0:00:19]} b5 {[%emt 0:00:05]} 17. Nb6 {[%emt 0:00:16]} Rad8 {[%emt 0:00:06]} 18. c4 {[%emt 0:01:00]} b4 {[%emt 0:00:14]} 19. Rd2 {[%emt 0:00:19]} f5 {[%emt 0:00:07]} 20. Nd5 {[%emt 0:00:35]} Bxd5 {[%emt 0:00:10]} 21. exd5 {[%emt 0:00:01]} f4 {[%emt 0:00:32]} 22. Bd4 {[%emt 0:00:01]} f3 {[%emt 0:00:05]} 23. Bxg7 {[%emt 0:00:30]} Kxg7 {[%emt 0:00:02]} 24. gxf3 {[%emt 0:00:03]} Qd7 {[%emt 0:00:07]} 25. Kg2 {[%emt 0:00:04]} Rf4 {[%emt 0:00:06]} 26. Re2 {[%emt 0:00:14]} Rdf8 {[%emt 0:00:06]} 27. Re6 {[%emt 0:00:06]} R8f7 {[%emt 0:00:15]} 28. Rfe1 {[%emt 0:00:03]} Qa7 {[%emt 0:00:11]} 29. R1e3 {[%emt 0:00:13]} Rd4 {[%emt 0:00:05]} 30. Qb1 {[%emt 0:00:15]} Rdf4 {[%emt 0:00:18]} 31. Qa1 {[%emt 0:00:17]} R4f5 {[%emt 0:00:52]} 32. Qa5 {[%emt 0:00:13]} Rg5+ {[%emt 0:00:03]} 33. Kf1 {[%emt 0:00:01]} Qd4 {[%emt 0:00:04]} 34. Qxb4 {[%emt 0:00:20]} Qh4 {[%emt 0:01:23]} 35. Ke2 {[%emt 0:00:15]} Rg2 {[%emt 0:00:05]} 36. Qe1 {[%emt 0:00:10]} Rxh2 {[%emt 0:00:12]} 37. R3e4 {[%emt 0:00:14]} Qh5 {[%emt 0:00:16]} 38. Re3 {[%emt 0:00:08]} Qg5 {[%emt 0:00:12]} 39. Qc3+ {[%emt 0:00:33]} Kg8 {[%emt 0:00:17]} 40. Qe1 {[%emt 0:00:01]} Rh3 {[%emt 0:00:21]} 41. Qa5 {[%emt 0:00:33]} Qf5 {[%emt 0:00:23]} 42. Qc3 {[%emt 0:00:07]} Qg5 {[%emt 0:00:23]} 43. Qa5 {[%emt 0:00:01]} Kg7 {[%emt 0:00:19]} 44. Qc3+ {[%emt 0:00:01]} Kh6 {[%emt 0:00:18]} 45. Qd4 {[%emt 0:00:20]} Rh4 {[%emt 0:00:11]} 46. R6e4 {[%emt 0:00:06]} Rh1 {[%emt 0:00:13]} 47. Rg4 {[%emt 0:00:13]} Qh5 {[%emt 0:00:07]} 48. Ree4 {[%emt 0:00:03]} Qf5 {[%emt 0:01:53]} 49. Rh4+ {[%emt 0:00:07]} Rxh4 {[%emt 0:00:02]} 50. Rxh4+ {[%emt 0:00:01]} Kg5 {[%emt 0:00:04]} 51. Rg4+ {[%emt 0:00:02]} Kh5 {[%emt 0:00:10]} 52. Rh4+ {[%emt 0:00:04]} Kg5 {[%emt 0:00:03]} 53. Qg4+ {[%emt 0:00:01]} Qxg4 {[%emt 0:00:02]} 54. Rxg4+ {[%emt 0:00:01]} Kf5 {[%emt 0:00:13]} 55. Ke3 {[%emt 0:00:02]} Rg7 {[%emt 0:00:06]} 56. b4 {[%emt 0:00:05]} h5 {[%emt 0:00:00]} 57. Rf4+ {[%emt 0:00:01]} Ke5 {[%emt 0:00:12]} 58. Rf8 {[%emt 0:00:01]} g5 {[%emt 0:00:11]} 59. Ra8 {[%emt 0:00:07]} h4 {[%emt 0:00:04]} 60. Rxa6 {[%emt 0:00:02]} Rg8 {[%emt 0:00:09]} 61. Ra7 {[%emt 0:00:03]} Kf6 {[%emt 0:00:02]} 62. b5 {[%emt 0:00:01]} h3 {[%emt 0:00:04]} 63. Ra1 {[%emt 0:00:01]} Ke5 {[%emt 0:00:04]} 64. Rh1 {[%emt 0:00:09]} Rh8 {[%emt 0:00:03]} 65. b4 {[%emt 0:00:04]} Rh4 {[%emt 0:00:05]} 66. Kd3 {[%emt 0:00:11]} Kf4 {[%emt 0:00:13]} 67. b6 {[%emt 0:00:04]} Rh8 {[%emt 0:00:12]} 68. c5 {[%emt 0:00:23]} Ke5 {[%emt 0:00:08]} 69. Kc4 {[%emt 0:00:04]} dxc5 {[%emt 0:00:27]} 70. bxc5 {[%emt 0:00:02]} Rh4+ {[%emt 0:00:01]} 71. Kb5 {[%emt 0:00:01]} Kxd5 {[%emt 0:00:01]} 72. Rd1+ {[%emt 0:00:05]} Ke6 {[%emt 0:00:01]} 73. Kc6 {[%emt 0:00:05]} h2 {[%emt 0:00:08]} 74. Re1+ {[%emt 0:00:05]} Kf6 {[%emt 0:00:06]} 75. b7 {[%emt 0:00:12]} g4 {[%emt 0:00:13]} 76. b8=Q {[%emt 0:00:13]} Rh6 {[%emt 0:00:13]} 77. Qe5+ {[%emt 0:00:07]} Kf7+ {[%emt 0:00:01]} 78. Kb5 {[%emt 0:00:03]} 1-0

[Event "FRA-ch Universities 2019"]
[Site "Paris"]
[Date "2019.02.03"]
[Round "8"]
[White "Mugil, Jayavel"]
[Black "Loiseau, Quentin"]
[Result "0-1"]
[WhiteElo "2001"]
[BlackElo "2452"]
[Annotator "RC"]
[PlyCount "72"]
[EventDate "2019.02.01"]
[EventType "swiss"]
[EventCountry "FRA"]
[SourceTitle "playchess.com"]
[Source "ChessBase"]
[SourceQuality "1"]
[TimeControl "900+5"]

1. e4 {[%emt 0:02:15]} e5 {[%emt 0:00:03]} 2. Nf3 {[%emt 0:00:02]} Nc6 {[%emt 0:00:01]} 3. Nc3 {[%emt 0:00:02]} Nf6 {[%emt 0:00:04]} 4. Bb5 {[%emt 0:00:01]} Bc5 {[%emt 0:00:02]} 5. Nxe5 {[%emt 0:00:27]} Nxe5 {[%emt 0:00:20]} 6. d4 {[%emt 0:00:01]} Bd6 {[%emt 0:00:03]} 7. f4 {[%emt 0:00:13]} Ng6 {[%emt 0:00:13]} 8. e5 {[%emt 0:00:04]} Be7 {[%emt 0:00:02]} 9. f5 {[%emt 0:01:19]} Nh4 {[%emt 0:00:20]} 10. exf6 {[%emt 0:01:34]} Bxf6 {[%emt 0:00:19]} 11. O-O {[%emt 0:00:02]} c6 {[%emt 0:02:00]} 12. Qe1+ {[%emt 0:01:12]} Qe7 {[%emt 0:01:44]} 13. Ne4 {[%emt 0:01:14]} Bxd4+ {[%emt 0:00:35]} 14. Kh1 {[%emt 0:00:03]} cxb5 {[%emt 0:05:51]} 15. f6 {[%emt 0:00:32]} Bxf6 {[%emt 0:01:50]} 16. Rxf6 {[%emt 0:01:25]} Nxg2 {[%emt 0:02:00]} 17. Kxg2 {[%emt 0:03:46]} gxf6 {[%emt 0:00:01]} 18. Nxf6+ {[%emt 0:01:03]} Kd8 {[%emt 0:00:01]} 19. Qf2 {[%emt 0:00:10]} b6 {[%emt 0:00:18]} 20. Bg5 {[%emt 0:00:10]} Bb7+ {[%emt 0:00:31]} 21. Kf1 {[%emt 0:00:12]} Kc8 {[%emt 0:00:11]} 22. Re1 {[%emt 0:00:11]} Qc5 {[%emt 0:00:03]} 23. Be3 {[%emt 0:00:38]} Qc4+ {[%emt 0:00:01]} 24. Re2 {[%emt 0:00:06]} Bc6 {[%emt 0:00:02]} 25. b3 {[%emt 0:00:02]} Qe6 {[%emt 0:00:13]} 26. Bxb6 {[%emt 0:00:18]} Qh3+ {[%emt 0:00:03]} 27. Ke1 {[%emt 0:00:01]} axb6 {[%emt 0:00:04]} 28. Qxb6 {[%emt 0:00:01]} Qh4+ {[%emt 0:00:01]} 29. Rf2 {[%emt 0:00:06]} Rxa2 {[%emt 0:00:08]} 30. Kd2 {[%emt 0:00:10]} Qb4+ {[%emt 0:00:06]} 31. Kd3 {[%emt 0:00:05]} Ra1 {[%emt 0:00:06]} 32. Rd2 {[%emt 0:00:06]} Qd6+ {[%emt 0:00:03]} 33. Ke3 {[%emt 0:00:03]} Qxf6 {[%emt 0:00:02]} 34. b4 {[%emt 0:00:09]} Re8+ {[%emt 0:00:02]} 35. Kd3 {[%emt 0:00:01]} Ra3+ {[%emt 0:00:02]} 36. c3 {[%emt 0:00:02]} Rxc3# {Kd4} 0-1

[Event "FRA-ch Universities 2019"]
[Site "Paris"]
[Date "2019.02.03"]
[Round "8"]
[White "Noir, Mathys"]
[Black "Brunier, Jules"]
[Result "0-1"]
[WhiteElo "1889"]
[BlackElo "2015"]
[Annotator "NA"]
[PlyCount "75"]
[EventDate "2019.02.01"]
[EventType "swiss"]
[EventCountry "FRA"]
[SourceTitle "playchess.com"]
[Source "ChessBase"]
[SourceQuality "1"]
[TimeControl "900+5"]

1. e4 {[%emt 0:00:00]} e6 {[%emt 0:00:00]} 2. d4 {[%emt 0:00:00]} d5 {[%emt 0:00:01]} 3. Nc3 {[%emt 0:00:04]} Nf6 {[%emt 0:00:04]} 4. e5 {[%emt 0:00:06]} Nfd7 {[%emt 0:00:05]} 5. f4 {[%emt 0:00:04]} c5 {[%emt 0:00:03]} 6. Nf3 {[%emt 0:00:14]} Nc6 {[%emt 0:00:02]} 7. Bd3 {[%emt 0:00:11]} cxd4 {[%emt 0:00:30]} 8. Ne2 {[%emt 0:00:10]} Bc5 {[%emt 0:00:09]} 9. Ng3 {[%emt 0:01:14]} f6 {[%emt 0:00:22]} 10. O-O {[%emt 0:00:12]} O-O {[%emt 0:00:09]} 11. Bd2 {[%emt 0:03:22]} Re8 {[%emt 0:01:21]} 12. a3 {[%emt 0:01:25]} a5 {[%emt 0:01:17]} 13. Kh1 {[%emt 0:00:22]} f5 {[%emt 0:01:02]} 14. Ng5 {[%emt 0:01:54]} Nf8 {[%emt 0:00:45]} 15. Nh5 {[%emt 0:04:30]} Ng6 {[%emt 0:03:16]} 16. g4 {[%emt 0:00:11]} h6 {[%emt 0:00:22]} 17. Nxe6 {[%emt 0:00:15]} Bxe6 {[%emt 0:00:14]} 18. gxf5 {[%emt 0:00:01]} Bxf5 {[%emt 0:01:22]} 19. Bxf5 {[%emt 0:00:02]} Nh4 {[%emt 0:00:02]} 20. Qg4 {[%emt 0:00:37]} Nxf5 {[%emt 0:01:05]} 21. Nf6+ {[%emt 0:00:09]} Kh8 {[%emt 0:00:34]} 22. Nxe8 {[%emt 0:00:02]} Qxe8 {[%emt 0:00:04]} 23. Qxf5 {[%emt 0:00:02]} Qe7 {[%emt 0:00:05]} 24. b4 {[%emt 0:00:24]} Rf8 {[%emt 0:00:52]} 25. Qd3 {[%emt 0:00:02]} axb4 {[%emt 0:00:15]} 26. axb4 {[%emt 0:00:01]} Bxb4 {[%emt 0:00:12]} 27. Bxb4 Nxb4 28. Qb3 {[%emt 0:00:12]} Qc5 {[%emt 0:00:07]} 29. Rab1 {[%emt 0:00:31]} Nxc2 {[%emt 0:00:05]} 30. Rbc1 {[%emt 0:00:05]} Rc8 {[%emt 0:00:04]} 31. Rf2 {[%emt 0:00:04]} d3 {[%emt 0:00:01]} 32. Qxd3 {[%emt 0:00:01]} Qxf2 {[%emt 0:00:02]} 33. f5 {[%emt 0:00:23]} d4 {[%emt 0:00:15]} 34. f6 {[%emt 0:00:14]} gxf6 {[%emt 0:00:15]} 35. exf6 {[%emt 0:00:02]} Qe3 {[%emt 0:00:16]} 36. Qd1 {[%emt 0:00:28]} Qe4+ {[%emt 0:00:07]} 37. Kg1 {[%emt 0:00:03]} Rg8+ {[%emt 0:00:01]} 38. Kf1 0-1

[Event "FRA-ch Universities 2019"]
[Site "Paris"]
[Date "2019.02.03"]
[Round "9"]
[White "Eden, James"]
[Black "Loiseau, Quentin"]
[Result "0-1"]
[WhiteElo "2338"]
[BlackElo "2452"]
[Annotator "TA"]
[PlyCount "114"]
[EventDate "2019.02.01"]
[EventType "swiss"]
[EventCountry "FRA"]
[SourceTitle "playchess.com"]
[Source "ChessBase"]
[SourceQuality "1"]

{[%evp 25,114,4,4,4,7,6,5,-28,0,0,72,42,27,28,27,31,29,0,0,-16,-11,-12,-13,-10,-6,-28,-18,-24,-8,-23,-24,-14,37,4,16,13,18,10,39,37,41,41,80,0,32,33,61,58,58,24,26,29,44,17,35,25,53,46,40,29,46,45,47,8,8,0,0,0,0,0,0,-32,-50,-968,-159,-210,-189,-216,-207,-211,-202,-427,-165,-29973,-29967,-29977,-29975,-29975,-29975,-29989,-29990]} 1. e4 {[%cal Be2e4,Be4e5][%mdl 32]} c5 2. Nf3 Nc6 3. c3 Nf6 {[%cal Bg8f6,Bf6d5,Bd5b4][%mdl 32]} 4. e5 Nd5 5. d4 cxd4 6. cxd4 d6 7. Bc4 dxe5 8. dxe5 Ndb4 9. Qb3 e6 {B22: Sicilian: 2 c3} 10. O-O Na5 11. Bb5+ Bd7 12. Qa4 Bxb5 13. Qxb5+ Nac6 {LiveBook: 43 Games. Hoping for ...Nc2.} 14. Nc3 a6 15. Qc4 {With the idea Rd1.} Qd3 16. Qf4 {[#]} Nc2 $146 ({Predecessor:} 16... Be7 17. a3 {½-½ (40) Paichadze,L (2561)-Vidit,S (2625) Al Ain 2014}) 17. Rd1 Qf5 (17... Qg6 $1 $11 18. Rb1 (18. Qd2 $2 Rd8 $19) 18... Bb4) 18. Qxf5 exf5 19. Rb1 {And now Rd2 would win.} Bc5 20. Ne2 {Strongly threatening Bf4.} O-O 21. Bf4 (21. Kf1 $5 {[%cal Rc1f4]}) 21... Rad8 22. Bg5 Rxd1+ 23. Rxd1 h6 24. Bc1 Re8 25. Rd5 Bb6 26. Bd2 f6 {[%cal Rf6e5]} 27. Rd7 Nxe5 28. Nxe5 Rxe5 (28... fxe5 $11 29. Bc3 Rd8 30. Rxd8+ Bxd8) 29. Nc3 Bc5 30. Rxb7 Nb4 31. Rd7 Nc6 32. Kf1 Re7 33. Rd5 Re5 34. Rd7 Re7 35. Rxe7 Bxe7 $14 {[%mdl 4096] Endgame KBN-KBN} 36. Ke2 Bd6 37. h3 Kf7 38. Kd3 Ke6 39. Ne2 g5 40. Bc3 Be5 41. Bxe5 fxe5 {KN-KN} 42. Kc4 Kd6 43. b4 e4 44. a4 Ne5+ 45. Kc3 Kd5 46. Nd4 f4 47. Nf5 h5 48. Ne7+ Ke6 49. Nc8 $2 {[%mdl 8192]} (49. Ng8 $15) 49... Nd3 $2 (49... g4 $19 50. hxg4 h4) 50. f3 (50. b5 $17 axb5 51. axb5) 50... Ne1 $19 51. b5 {[#]} axb5 $1 ({Weaker is} 51... Nxg2 52. bxa6 exf3 53. a7 $11) 52. axb5 Nxg2 53. b6 $2 {[#]} (53. fxe4 {was the only defense.} Nh4 54. Nb6) 53... Kd7 $2 (53... e3 $1 {[%cal Re3e2] aiming for ...e2.} 54. Kd3 Kd7) 54. Ne7 $2 (54. b7 $19 Kc7 55. fxe4) 54... exf3 {[%cal Be4f3,Bf3f2][%mdl 32] Black mates.} 55. Nd5 Kc6 56. Kd2 Ne3 57. Nf6 f2 {Precision: White = 41%, Black = 51%.} 0-1

[Event "FRA-ch Universities 2019"]
[Site "Paris"]
[Date "2019.02.03"]
[Round "9"]
[White "Devallee, Jeremie"]
[Black "Mugil, Jayavel"]
[Result "0-1"]
[WhiteElo "2317"]
[BlackElo "2001"]
[Annotator "NA"]
[PlyCount "108"]
[EventDate "2019.02.01"]
[EventType "swiss"]
[EventCountry "FRA"]
[SourceTitle "playchess.com"]
[Source "ChessBase"]
[SourceQuality "1"]
[TimeControl "900+5"]

1. e4 {[%emt 0:00:00]} e6 {[%emt 0:00:00]} 2. Nf3 {[%emt 0:00:02]} d5 {[%emt 0:00:00]} 3. e5 {[%emt 0:00:01]} c5 {[%emt 0:00:00]} 4. b4 {[%emt 0:00:01]} cxb4 {[%emt 0:00:02]} 5. a3 {[%emt 0:00:01]} bxa3 {[%emt 0:00:03]} 6. d4 {[%emt 0:00:01]} Nc6 {[%emt 0:00:03]} 7. c3 {[%emt 0:00:01]} f6 {[%emt 0:00:15]} 8. Bd3 {[%emt 0:00:02] C00: French: Unusual White 2nd moves} fxe5 {[%emt 0:00:08]} 9. dxe5 {[%emt 0:00:08]} g6 {[%emt 0:00:22]} 10. Nxa3 $146 {[%emt 0:00:22]} ({Predecessor:} 10. h4 Bg7 11. Qe2 Qc7 12. Bf4 Nge7 13. O-O O-O 14. Bh2 Rxf3 15. Qxf3 Nxe5 {0-1 (36) Moravec,V (2184)-Rosenbaum,V (2056) Rakovnik 2014}) 10... Bg7 {[%emt 0:00:20]} 11. Qe2 {[%emt 0:00:04]} Nge7 {[%emt 0:00:05]} 12. Nb5 {[%emt 0:00:10]} O-O {[%emt 0:00:12]} 13. O-O {[%emt 0:00:08]} Nf5 {[%emt 0:02:31]} 14. Ba3 {[%emt 0:00:07]} Rf7 {[%emt 0:00:23]} 15. Nd6 {[%emt 0:00:39]} Nxd6 {[%emt 0:00:37]} 16. Bxd6 {[%emt 0:00:02]} Bf8 {[%emt 0:00:27]} 17. Bxf8 {[%emt 0:00:04]} Qxf8 {[%emt 0:01:45]} 18. Ng5 {[%emt 0:00:03]} Rc7 {[%emt 0:01:13]} 19. f4 {[%emt 0:00:04]} Bd7 {[%emt 0:01:31]} 20. c4 {[%emt 0:01:20]} Nd4 {[%emt 0:00:17]} 21. Qf2 {[%emt 0:00:24]} dxc4 {[%emt 0:00:41]} 22. Qxd4 {[%emt 0:00:12]} cxd3 {[%emt 0:00:04]} 23. Ne4 {[%emt 0:00:04]} Bc6 {[%emt 0:00:31]} 24. Nf6+ {[%emt 0:00:02]} Kh8 {[%emt 0:00:41]} 25. Qxd3 {[%emt 0:00:02]} Rd8 {[%emt 0:00:15]} 26. Qh3 {[%emt 0:00:01]} Rd2 {[%emt 0:00:47]} 27. Rf2 {[%emt 0:01:05]} Rxf2 {[%emt 0:00:39]} 28. Kxf2 {[%emt 0:00:02]} Qc5+ {[%emt 0:00:01]} 29. Qe3 {[%emt 0:00:06]} Qc2+ {[%emt 0:01:09]} 30. Qe2 {[%emt 0:00:01]} Bxg2 {[%emt 0:00:43]} 31. Rxa7 {[%emt 0:00:22]} Qxe2+ {[%emt 0:00:12]} 32. Kxe2 {[%emt 0:00:02]} Rc8 {[%emt 0:00:25]} 33. Kd3 $15 {[%emt 0:00:13]} Kg7 {[%emt 0:00:16]} 34. Ra2 {[%emt 0:00:41]} Bf3 {[%emt 0:00:08]} 35. Rb2 {[%emt 0:00:12]} h6 {[%emt 0:00:11]} 36. h4 {[%emt 0:00:05]} Kf7 {[%emt 0:00:05]} 37. Rb6 {[%emt 0:00:03]} Bc6 {[%emt 0:00:08]} 38. Kd4 {[%emt 0:00:03]} Rd8+ {[%emt 0:00:01]} 39. Kc5 {[%emt 0:00:01]} Rd2 {[%emt 0:00:05]} 40. Ng4 {[%emt 0:01:15]} h5 {[%emt 0:00:01]} 41. Ne3 {[%emt 0:00:01]} Rf2 {[%emt 0:00:02]} 42. Rb4 {[%emt 0:00:13]} Rh2 {[%emt 0:00:04]} 43. Nc4 {[%emt 0:00:01]} Rxh4 {[%emt 0:00:02]} 44. Nd6+ {[%emt 0:00:01]} Kg7 {[%emt 0:00:01]} 45. Nxb7 {[%emt 0:00:05]} Bxb7 {[%emt 0:00:01]} 46. Rxb7+ {[%emt 0:00:01]} Kh6 {[%emt 0:00:01]} 47. Rf7 {[%emt 0:00:07]} Rg4 {[%emt 0:00:16]} 48. Kd6 {[%emt 0:01:37]} h4 {[%emt 0:00:01]} 49. Ke7 {[%emt 0:00:01]} h3 {[%emt 0:00:26]} 50. Kf8 {[%emt 0:00:01]} Rh4 {[%emt 0:00:03]} 51. Rf6 {[%emt 0:01:18]} h2 {[%emt 0:00:17]} 52. f5 {[%emt 0:00:00]} exf5 {[%emt 0:00:08]} 53. e6 {[%emt 0:00:03]} h1=Q {[%emt 0:00:06]} 54. e7 {[%emt 0:00:04]} Re4 {[%emt 0:00:03]} 0-1

[Event "FRA-ch Universities 2019"]
[Site "Paris"]
[Date "2019.02.03"]
[Round "9"]
[White "Daeschler, Florian"]
[Black "Sochacki, Christophe"]
[Result "1/2-1/2"]
[WhiteElo "2276"]
[BlackElo "2482"]
[Annotator "ChessBase"]
[PlyCount "73"]
[EventDate "2019.02.01"]
[EventType "swiss"]
[EventCountry "FRA"]
[SourceTitle "playchess.com"]
[Source "ChessBase"]
[SourceQuality "1"]
[TimeControl "900+5"]

1. d4 {[%emt 0:00:00]} Nf6 {[%emt 0:00:00]} 2. c4 {[%emt 0:00:00]} e6 {[%emt 0:00:01]} 3. g3 {[%emt 0:00:00]} d5 {[%emt 0:00:03]} 4. Nf3 {[%emt 0:00:00]} Bb4+ {[%emt 0:00:15]} 5. Bd2 {[%emt 0:00:01]} Be7 {[%emt 0:00:01]} 6. Bg2 {[%emt 0:00:02]} O-O {[%emt 0:00:03]} 7. O-O {[%emt 0:00:02]} b6 {[%emt 0:00:01]} 8. Qc2 {[%emt 0:00:06]} Bb7 {[%emt 0:00:14]} 9. cxd5 {[%emt 0:01:01]} exd5 {[%emt 0:00:08]} 10. Bf4 {[%emt 0:00:07]} c5 {[%emt 0:01:58]} 11. Nc3 {[%emt 0:00:24]} Nc6 {[%emt 0:00:08]} 12. dxc5 {[%emt 0:00:16]} bxc5 {[%emt 0:00:14]} 13. Rfd1 {[%emt 0:00:32]} d4 {[%emt 0:01:35]} 14. a3 {[%emt 0:01:56]} Rc8 {[%emt 0:00:33]} 15. Ne5 {[%emt 0:01:25]} Bd6 {[%emt 0:00:59]} 16. Nxc6 {[%emt 0:01:21]} Bxc6 {[%emt 0:00:01]} 17. Bxc6 {[%emt 0:00:38]} Rxc6 {[%emt 0:00:07]} 18. Bxd6 {[%emt 0:00:09]} Rxd6 {[%emt 0:01:17]} 19. Ne4 {[%emt 0:00:30]} Nxe4 {[%emt 0:00:06]} 20. Qxe4 {[%emt 0:00:01]} Re8 {[%emt 0:00:03]} 21. Qf3 {[%emt 0:00:07]} Qb6 {[%emt 0:00:39]} 22. Rac1 {[%emt 0:00:09]} g6 {[%emt 0:02:40]} 23. Rd2 {[%emt 0:00:16]} Re5 {[%emt 0:00:24]} 24. Rdc2 {[%emt 0:00:40]} Rde6 {[%emt 0:00:34]} 25. Qd3 {[%emt 0:02:11]} Kg7 {[%emt 0:00:14]} 26. b4 {[%emt 0:01:19]} cxb4 {[%emt 0:00:10]} 27. axb4 {[%emt 0:00:06]} Qxb4 {[%emt 0:00:06]} 28. Rc4 {[%emt 0:00:01]} Qb2 {[%emt 0:00:28]} 29. R1c2 {[%emt 0:00:38]} Qb1+ {[%emt 0:00:01]} 30. Kg2 {[%emt 0:00:02]} Qb7+ {[%emt 0:02:30]} 31. Kg1 {[%emt 0:00:05]} Qb1+ {[%emt 0:00:13]} 32. Kg2 {[%emt 0:00:01]} Qb7+ {[%emt 0:00:01]} 33. Kg1 {[%emt 0:00:01]} Qb1+ {[%emt 0:00:48]} 34. Kg2 Rxe2 35. Qxd4+ f6 36. Rc7+ Re7 37. Qd6 1/2-1/2

[Event "FRA-ch Universities 2019"]
[Site "Paris"]
[Date "2019.02.03"]
[Round "9"]
[White "Graca, Robert"]
[Black "Cahen, Alexis"]
[Result "1-0"]
[WhiteElo "2270"]
[BlackElo "2109"]
[Annotator "NA"]
[PlyCount "49"]
[EventDate "2019.02.01"]
[EventType "swiss"]
[EventCountry "FRA"]
[SourceTitle "playchess.com"]
[Source "ChessBase"]
[SourceQuality "1"]
[TimeControl "900+5"]

1. Nf3 {[%emt 0:00:00]} c5 {[%emt 0:00:00]} 2. c4 {[%emt 0:00:00]} g6 {[%emt 0:00:10]} 3. d4 {[%emt 0:00:00]} cxd4 {[%emt 0:00:06]} 4. Nxd4 {[%emt 0:00:01]} Nc6 {[%emt 0:00:03]} 5. Nc2 {[%emt 0:00:11]} Bg7 {[%emt 0:00:21]} 6. g3 {[%emt 0:00:01]} Nf6 {[%emt 0:00:09]} 7. Bg2 {[%emt 0:00:02]} O-O {[%emt 0:00:07]} 8. O-O {[%emt 0:00:03]} d6 {[%emt 0:00:07]} 9. Nc3 {[%emt 0:00:04]} Be6 {[%emt 0:00:06]} 10. b3 {[%emt 0:00:00]} Qd7 {[%emt 0:00:38]} 11. Re1 {[%emt 0:01:00]} Rfd8 {[%emt 0:00:10]} 12. e4 {[%emt 0:00:26]} Nxe4 {[%emt 0:00:14]} 13. Nxe4 {[%emt 0:00:01]} Bxa1 {[%emt 0:00:05]} 14. Nxa1 {[%emt 0:00:01]} Ne5 {[%emt 0:00:47]} 15. Bb2 {[%emt 0:00:40]} Rac8 {[%emt 0:00:45]} 16. Nc2 {[%emt 0:02:03]} b5 {[%emt 0:01:45]} 17. f4 {[%emt 0:01:36]} d5 {[%emt 0:03:53]} 18. cxd5 {[%emt 0:01:19]} Qxd5 {[%emt 0:00:42]} 19. Nf6+ {[%emt 0:01:26]} exf6 {[%emt 0:00:02]} 20. Bxd5 {[%emt 0:00:01]} Rxd5 {[%emt 0:00:26]} 21. Nd4 {[%emt 0:02:08]} Bg4 {[%emt 0:00:26]} 22. Qa1 {[%emt 0:03:18]} Rxd4 {[%emt 0:03:05]} 23. Bxd4 {[%emt 0:00:04]} Nf3+ {[%emt 0:00:20]} 24. Kf2 {[%emt 0:00:00]} Rc2+ {[%emt 0:00:11]} 25. Ke3 {[%emt 0:00:53]} 1-0

[Event "FRA-ch Universities 2019"]
[Site "Paris"]
[Date "2019.02.03"]
[Round "9"]
[White "Dobrocmyslov, Artem"]
[Black "Viers, Emmanuel"]
[Result "1-0"]
[WhiteElo "2262"]
[BlackElo "2199"]
[Annotator "NA"]
[PlyCount "61"]
[EventDate "2019.02.01"]
[EventType "swiss"]
[EventCountry "FRA"]
[SourceTitle "playchess.com"]
[Source "ChessBase"]
[SourceQuality "1"]
[TimeControl "900+5"]

1. d4 {[%emt 0:00:00]} d5 {[%emt 0:00:00]} 2. Nf3 {[%emt 0:00:00]} e6 {[%emt 0:00:00]} 3. c4 {[%emt 0:00:02]} c6 {[%emt 0:00:00]} 4. Qc2 {[%emt 0:00:02]} Nf6 {[%emt 0:00:11]} 5. cxd5 {[%emt 0:00:04]} exd5 {[%emt 0:00:19]} 6. Nc3 {[%emt 0:00:03]} Be7 {[%emt 0:01:54]} 7. Bf4 {[%emt 0:00:02]} Nbd7 {[%emt 0:00:38]} 8. e3 {[%emt 0:00:03]} Nf8 {[%emt 0:00:50]} 9. h3 {[%emt 0:00:20]} Ne6 {[%emt 0:00:02]} 10. Bh2 {[%emt 0:00:02]} b6 {[%emt 0:00:27]} 11. Bd3 {[%emt 0:00:49]} O-O {[%emt 0:00:22]} 12. O-O {[%emt 0:00:38]} Re8 {[%emt 0:00:55]} 13. Rab1 {[%emt 0:00:25]} Bd6 {[%emt 0:01:47]} 14. Ne5 {[%emt 0:00:08]} Bb7 {[%emt 0:00:15]} 15. b4 {[%emt 0:00:16]} h6 {[%emt 0:00:17]} 16. f4 {[%emt 0:00:21]} Qe7 {[%emt 0:00:54]} 17. a3 {[%emt 0:01:10]} c5 {[%emt 0:00:13]} 18. bxc5 {[%emt 0:00:08]} bxc5 {[%emt 0:00:03]} 19. Nb5 {[%emt 0:01:58]} Bb8 {[%emt 0:00:18]} 20. Bf5 {[%emt 0:04:29]} a6 {[%emt 0:02:43]} 21. Bxe6 {[%emt 0:00:03]} fxe6 {[%emt 0:01:52]} 22. Nc3 {[%emt 0:00:07]} Ba7 {[%emt 0:00:25]} 23. Ng6 {[%emt 0:01:11]} Qd7 {[%emt 0:00:49]} 24. Ne5 {[%emt 0:01:27]} Qc7 {[%emt 0:00:05]} 25. Ne2 {[%emt 0:00:29]} Rac8 {[%emt 0:01:23]} 26. Qg6 {[%emt 0:00:09]} a5 {[%emt 0:00:12]} 27. f5 {[%emt 0:00:27]} Ba6 28. Ng4 Qe7 {[%emt 0:00:07]} 29. Nxh6+ {[%emt 0:00:27]} Kf8 {[%emt 0:00:16]} 30. Bd6 {[%emt 0:00:03]} Bxe2 {[%emt 0:00:05]} 31. Qf7# {[%emt 0:00:02]} 1-0